000
00301nam a2200145Ia 4500
100
_a
Stevens
942
_c
BK
654
_a
C Database development
245
_a
C Database Development
260
_b
B.P.B
_c
1989
082
_a
005.133'C'
_b
STE
300
_a
312
546
_a
ENGLISH
999
_c
34786
_d
34786